[Event "4NCL Online Division 6"]
[Site "online"]
[Date "2020.11.17"]
[Round "7.26"]
[White "Gardner, Kai"]
[Black "Hayden, Lawrence F"]
[Result "0-1"]
[WhiteElo "1390"]
[BlackElo "1652"]
[PlyCount "36"]
[EventDate "2020.11.17"]
[WhiteTeam "Barnet Knights D"]
[BlackTeam "Ashby Ivanhoe"]

1. e4 e5 2. d4 exd4 3. c3 d5 4. exd5 Qxd5 5. Nf3 Bg4 6. Be2 Nc6 7. Nxd4 Nxd4 8.
cxd4 Qxg2 9. Rf1 Bb4+ 10. Nc3 Bxc3+ 11. bxc3 Bxe2 12. Qxe2+ Ne7 13. Ba3 Qg5 14.
Qb5+ Qxb5 15. Bxe7 Kxe7 16. Kd2 Rhe8 17. Rab1 Qa6 18. Rb2 Qxf1 0-1

[Event "4NCL Online Division 6"]
[Site "online"]
[Date "2020.11.17"]
[Round "7.28"]
[White "Dharan, Arjun Aditya"]
[Black "Roberts, Neil J"]
[Result "1/2-1/2"]
[WhiteElo "1367"]
[BlackElo "1382"]
[PlyCount "179"]
[EventDate "2020.11.17"]
[WhiteTeam "Barnet Knights D"]
[BlackTeam "Ashby Ivanhoe"]

1. e4 c5 2. Nf3 d6 3. Nc3 a6 4. a4 Bd7 5. Bc4 e6 6. d3 Nc6 7. Bg5 Be7 8. Bxe7
Qxe7 9. h3 Nf6 10. O-O O-O 11. a5 h6 12. Na4 Rab8 13. Nb6 Nh7 14. Re1 Ne5 15.
Nxe5 dxe5 16. Qh5 Be8 17. Qxe5 Bc6 18. Re3 Qg5 19. Qxg5 Nxg5 20. Bb3 Rbd8 21.
Rg3 Nh7 22. e5 Bd5 23. Bxd5 exd5 24. Re1 d4 25. e6 fxe6 26. Rxe6 Rf7 27. Rxh6
Kh8 28. Rh4 Re8 29. Nd5 Re2 30. Nf4 Rxc2 31. Rg5 Rf6 32. Ng6+ Kg8 33. Ne7+ Kf7
34. Nd5 Nxg5 35. Nxf6 Kxf6 36. Rf4+ Ke7 37. Rg4 Ne6 38. Re4 Rxb2 39. f4 g6 40.
g4 Kf6 41. h4 Rb3 42. h5 gxh5 43. gxh5 Rxd3 44. Kg2 Nf8 45. Re8 Kf7 46. Re5
Rd2+ 47. Kg3 d3 48. Rxc5 Rd1 49. Rd5 d2 50. Kf2 Ra1 51. Rxd2 Rxa5 52. h6 Rh5
53. Rd6 Kg8 54. Kg3 Rb5 55. Kg4 a5 56. f5 a4 57. Rd4 a3 58. Ra4 Kh7 59. Kg5 b6
60. Ra7+ Kh8 61. Ra8 a2 62. Rxa2 Ne6+ 63. Kg6 Nf8+ 64. Kf6 Kh7 65. Ra3 Rc5 66.
Ra8 Nd7+ 67. Ke6 Ne5 68. Kf6 Ng4+ 69. Kg5 Nxh6 70. Ra7+ Kg8 71. Kxh6 Rc6+ 72.
Kg5 Rc8 73. Rb7 Rc6 74. f6 Rc5+ 75. Kg6 Rc8 76. Rxb6 Rf8 77. Rb7 Rc8 78. f7+
Kf8 79. Kf6 Rc6+ 80. Ke5 Rc8 81. Kd6 Rd8+ 82. Ke6 Rc8 83. Kd7 Ra8 84. Ke6 Rc8
85. Kf6 Rc6+ 86. Kg5 Rd6 87. Kf5 Rc6 88. Ke5 Ra6 89. Kf5 Rc6 90. Ke5 1/2-1/2

[Event "4NCL Online Division 6"]
[Site "online"]
[Date "2020.11.17"]
[Round "7.35"]
[White "Young, Jonathan G"]
[Black "Dobbie, Graham"]
[Result "0-1"]
[WhiteElo "1577"]
[BlackElo "1823"]
[PlyCount "136"]
[EventDate "2020.11.17"]
[WhiteTeam "Farnham B"]
[BlackTeam "East Kilbride Rovers"]

1. c4 e5 2. Nc3 Nf6 3. g3 Bb4 4. Bg2 O-O 5. d3 Bxc3+ 6. bxc3 Re8 7. e4 d6 8.
Nf3 Nbd7 9. O-O Nc5 10. Be3 Ne6 11. Rb1 b6 12. Qc2 Nc5 13. Rfd1 Bd7 14. Bxc5
dxc5 15. h3 Bc6 16. Kh2 Qd7 17. Nh4 Ba4 18. Qe2 Bxd1 19. Rxd1 Rad8 20. Nf5 g6
21. Ne3 Re6 22. h4 c6 23. Bh3 Qe7 24. Bxe6 Qxe6 25. Kg2 h5 26. Kh2 Qd7 27. f3
Kh7 28. Kg2 Ng8 29. Kh2 Nh6 30. Kg2 Qe7 31. Qf2 Rd7 32. Qe2 Qd8 33. Kh2 f6 34.
Kg2 Qe8 35. Kh2 Qe6 36. Kg2 Ng8 37. Kh2 Qf7 38. Kg2 Qg7 39. Kh2 Ne7 40. Kg2 Qh6
41. Rh1 Kg7 42. Rd1 Kf7 43. Rh1 Ke8 44. Rd1 Kd8 45. Rh1 Kc7 46. Rd1 Kb7 47. Rh1
f5 48. exf5 gxf5 49. Rd1 f4 50. Nf1 Ng6 51. Qe4 Rg7 52. Kf2 Nxh4 53. gxh4 Qf6
54. Ke1 Qxh4+ 55. Kd2 Rg2+ 56. Kc1 Qf2 57. Nd2 h4 58. Qxe5 h3 59. Qe7+ Ka6 60.
Qd7 h2 61. Qxc6 Rg7 62. a4 Qg1 63. Qc8+ Ka5 64. Nb3+ Kxa4 65. Nxc5+ Qxc5 66.
Qa6+ Qa5 67. Qc8 Qxc3+ 68. Kb1 Kb3 0-1

[Event "4NCL Online Division 6"]
[Site "online"]
[Date "2020.11.17"]
[Round "7.36"]
[White "Shrestha, Deepesh"]
[Black "Franklin, Tony"]
[Result "1-0"]
[WhiteElo "1131"]
[BlackElo "1300"]
[PlyCount "95"]
[EventDate "2020.11.17"]
[WhiteTeam "East Kilbride Rovers"]
[BlackTeam "Farnham B"]

1. d4 Nf6 2. Bf4 e6 3. e3 c6 4. Bd3 d5 5. Nd2 b5 6. c3 Nbd7 7. h3 Qb6 8. Ngf3
c5 9. dxc5 Nxc5 10. Be2 Bd7 11. Ne5 Bd6 12. Nxd7 Ncxd7 13. Bxd6 Qxd6 14. Bxb5
Rb8 15. Nc4 Qc7 16. Bxd7+ Nxd7 17. Qd4 O-O 18. O-O-O Rfd8 19. Nd2 a5 20. a4 Nc5
21. Kc2 h6 22. Rb1 Na6 23. Kd3 Nc5+ 24. Ke2 Ne4 25. Nxe4 dxe4 26. Qxe4 Rd5 27.
Rhd1 Qc6 28. Rxd5 exd5 29. Qd4 Qa6+ 30. Qd3 Qe6 31. b4 Rc8 32. b5 Rc4 33. b6
Rxa4 34. b7 Ra2+ 35. Kf1 Rxf2+ 36. Kxf2 Qf6+ 37. Ke2 g6 38. b8=Q+ Kg7 39. Qd4
Qxd4 40. cxd4 h5 41. Qe5+ f6 42. Qxd5 Kh6 43. Qxa5 f5 44. Rb6 Kg5 45. e4 Kh4
46. Qe1+ Kg5 47. Qg3+ Kh6 48. Qxg6# 1-0

[Event "4NCL Online Division 6"]
[Site "online"]
[Date "2020.11.17"]
[Round "7.37"]
[White "Warren, Archie"]
[Black "Nagar, Nikunj"]
[Result "1-0"]
[WhiteElo "1337"]
[BlackElo "653"]
[PlyCount "83"]
[EventDate "2020.11.17"]
[WhiteTeam "Farnham B"]
[BlackTeam "East Kilbride Rovers"]

1. d4 Nf6 2. Bf4 e6 3. Nf3 d5 4. e3 c5 5. c3 Nc6 6. Nbd2 Qc7 7. Bxc7 Bd7 8. Bf4
Be7 9. Bd3 c4 10. Bc2 O-O 11. Qe2 b6 12. Ne5 Na5 13. Nxd7 Nxd7 14. Nf3 f6 15.
Ba4 Nb8 16. e4 g5 17. Bg3 Na6 18. O-O Bd8 19. exd5 exd5 20. Qe6+ Kg7 21. Qxd5
Be7 22. Bb5 Nb8 23. Qxa8 Kf7 24. Qxb8 Rxb8 25. Bxb8 Nb7 26. Bxc4+ Kg6 27. Bxa7
Nd6 28. Bb3 Ne4 29. Bxb6 Nd6 30. Bc5 f5 31. Bxd6 Bxd6 32. Ne5+ Kh6 33. Nf7+ Kg7
34. Nxd6 Kf8 35. Rfe1 g4 36. Re8+ Kg7 37. Rg8+ Kh6 38. Nf7+ Kh5 39. Be6 f4 40.
Bxg4+ Kh4 41. g3+ fxg3 42. fxg3# 1-0

[Event "4NCL Online Division 6"]
[Site "online"]
[Date "2020.11.17"]
[Round "7.38"]
[White "Pardeshi, Prachi"]
[Black "Warnock, Oliver"]
[Result "0-1"]
[WhiteElo "523"]
[BlackElo "1255"]
[PlyCount "78"]
[EventDate "2020.11.17"]
[WhiteTeam "East Kilbride Rovers"]
[BlackTeam "Farnham B"]

1. e4 c5 2. Nf3 Nc6 3. Nc3 d6 4. d4 cxd4 5. Nxd4 Nxd4 6. Qxd4 Be6 7. Bb5+ Bd7
8. Be3 Bxb5 9. Nxb5 a6 10. Na7 Qa5+ 11. Bd2 Qc7 12. Be3 Nf6 13. O-O-O g6 14.
Qa4+ Nd7 15. Bd4 Bh6+ 16. Kb1 O-O 17. h4 Nc5 18. Qc4 Rxa7 19. b4 Qb6 20. Ka1
Rc8 21. bxc5 dxc5 22. g4 Raa8 23. Bc3 Qc6 24. a4 b5 25. Qa2 bxa4 26. f4 Qxe4
27. g5 Bg7 28. Bxg7 Kxg7 29. Rhf1 Qb4 30. f5 Qc3+ 31. Kb1 Rab8+ 32. Kc1 Qe3+
33. Rd2 c4 34. Qxa4 c3 35. f6+ exf6 36. gxf6+ Kg8 37. Rff2 Qe1+ 38. Rd1 Qxf2
39. Qxa6 Qe3+ 0-1

[Event "4NCL Online Division 6"]
[Site "online"]
[Date "2020.11.17"]
[Round "7.45"]
[White "White, John"]
[Black "Sanfey, Peter"]
[Result "1-0"]
[WhiteElo "1529"]
[BlackElo "1270"]
[PlyCount "45"]
[EventDate "2020.11.17"]
[WhiteTeam "Celtic Tigers Cubs"]
[BlackTeam "Barnet Knights E"]

1. e4 e5 2. Nf3 Nc6 3. d4 exd4 4. Nxd4 Bc5 5. Nxc6 dxc6 6. Bd3 Qf6 7. O-O Be6
8. Nc3 O-O-O 9. Na4 Bd6 10. Qe2 Be5 11. Nc5 Bxb2 12. Bxb2 Qxb2 13. Rfb1 Qxa1
14. Rxa1 b6 15. Nxe6 fxe6 16. Qg4 Nf6 17. Ba6+ Kd7 18. Qxg7+ Kd6 19. Qxf6 Rhf8
20. e5+ Kc5 21. Qe7+ Kd4 22. Rd1+ Ke4 23. Rxd8 1-0

[Event "4NCL Online Division 6"]
[Site "online"]
[Date "2020.11.17"]
[Round "7.46"]
[White "Zholnin, Ivan"]
[Black "Sarfas, Robin"]
[Result "0-1"]
[WhiteElo "1345"]
[BlackElo "1600"]
[PlyCount "100"]
[EventDate "2020.11.17"]
[WhiteTeam "Barnet Knights E"]
[BlackTeam "Celtic Tigers Cubs"]

1. e4 c5 2. Nf3 Nc6 3. d4 cxd4 4. Nxd4 Nf6 5. Nc3 e5 6. Nf3 Bb4 7. Bd3 Bxc3+ 8.
bxc3 O-O 9. O-O d5 10. exd5 Nxd5 11. Ba3 Re8 12. c4 Nf6 13. Qe2 e4 14. Bxe4
Nxe4 15. Rfe1 Nf6 16. Qf1 h6 17. Rad1 Qa5 18. Rxe8+ Nxe8 19. Qd3 Be6 20. Qb3
Qb6 21. Qc3 Nf6 22. c5 Qa5 23. Qb2 Qc7 24. Nd4 Rd8 25. c3 Nxd4 26. cxd4 Bd5 27.
h3 Qc6 28. f3 Re8 29. Qf2 Re6 30. Qg3 Nh7 31. Qb8+ Qe8 32. Qg3 Ng5 33. Bc1
Nxf3+ 34. gxf3 Rg6 35. Qxg6 fxg6 36. Kf2 Qf7 37. Rd3 Qf5 38. Re3 Qc2+ 39. Re2
Qxc1 40. Re8+ Kf7 41. Ra8 Qf4 42. Rxa7 Qxf3+ 43. Ke1 Bc4 44. Rxb7+ Qxb7 45. c6
Qxc6 46. d5 Qxd5 47. a4 Qg2 48. Kd1 Qe2+ 49. Kc1 Bd3 50. a5 Qc2# 0-1

[Event "4NCL Online Division 6"]
[Site "online"]
[Date "2020.11.17"]
[Round "7.47"]
[White "Kwabiah, C Kenneth"]
[Black "Scheffel, Charlie"]
[Result "0-1"]
[WhiteElo "1540"]
[BlackElo "1097"]
[PlyCount "70"]
[EventDate "2020.11.17"]
[WhiteTeam "Celtic Tigers Cubs"]
[BlackTeam "Barnet Knights E"]

1. d4 Nf6 2. c4 g6 3. Nc3 Bg7 4. e4 d6 5. f3 O-O 6. Be3 Nh5 7. Nge2 Nd7 8. Qd2
Nhf6 9. h4 e5 10. d5 b6 11. O-O-O a5 12. Na4 Ba6 13. Nec3 Nc5 14. Kb1 Qd7 15.
b3 Rab8 16. Nxc5 bxc5 17. g4 a4 18. Kc2 axb3+ 19. axb3 Rb4 20. Bh3 Qc8 21. Na2
Rb6 22. g5 Nd7 23. Rb1 Rd8 24. Bg4 Qa8 25. Rb2 Rdb8 26. h5 Bxc4 27. Nc1 Bxb3+
28. Nxb3 Rxb3 29. Rxb3 Qa2+ 30. Kc1 Qxb3 31. Qc2 Qxe3+ 32. Kd1 Nb6 33. Re1 Nc4
34. hxg6 Rb1+ 35. Qxb1 Qd2# 0-1

[Event "4NCL Online Division 6"]
[Site "online"]
[Date "2020.11.17"]
[Round "7.48"]
[White "Rasalingam, Rishi"]
[Black "Osseiran, Nadim"]
[Result "1-0"]
[WhiteElo "1157"]
[BlackElo "1135"]
[PlyCount "93"]
[EventDate "2020.11.17"]
[WhiteTeam "Barnet Knights E"]
[BlackTeam "Celtic Tigers Cubs"]

1. e4 c6 2. d3 d5 3. Nd2 g6 4. g3 e5 5. Bg2 Bg7 6. Ngf3 Nf6 7. O-O O-O 8. Re1
Re8 9. b3 d4 10. Nc4 Nbd7 11. Ba3 c5 12. b4 b6 13. bxc5 bxc5 14. Rb1 Qc7 15.
Qd2 Ba6 16. Qa5 Qxa5 17. Nxa5 Bf8 18. Bc1 Rab8 19. Rxb8 Rxb8 20. Nc6 Rb7 21.
Ncxe5 Nxe5 22. Nxe5 Rb1 23. Nf3 c4 24. Bg5 Rxe1+ 25. Nxe1 Bb4 26. Bxf6 Bxe1 27.
Bxd4 c3 28. Bxa7 Bxd3 29. cxd3 Bd2 30. Bc5 c2 31. Ba3 Bb4 32. Bc1 Kf8 33. f4
Ke7 34. Kf2 Kd6 35. Ke3 Kc5 36. d4+ Kc4 37. Bf1+ Kc3 38. Bd3 Ba3 39. Bxa3 g5
40. d5 gxf4+ 41. gxf4 f5 42. e5 h5 43. Bxc2 Kxc2 44. d6 h4 45. d7 h3 46. d8=Q
Kc3 47. Qd3# 1-0

[Event "4NCL Online Division 6"]
[Site "online"]
[Date "2020.11.17"]
[Round "7.55"]
[White "Banks, Stephen"]
[Black "Caleshu, Caleb"]
[Result "0-1"]
[WhiteElo "1450"]
[BlackElo "1480"]
[PlyCount "100"]
[EventDate "2020.11.17"]
[WhiteTeam "Enfield 2"]
[BlackTeam "Plymouth 2"]

1. e4 c5 2. Bc4 e6 3. Nc3 Nc6 4. Nf3 a6 5. a3 Nf6 6. d3 Be7 7. Bg5 h6 8. Bh4
O-O 9. O-O b5 10. Ba2 Bb7 11. Re1 Rc8 12. Qd2 Qb6 13. Rad1 Qd8 14. Qc1 Ne8 15.
Bxe7 Qxe7 16. d4 cxd4 17. Nxd4 Nf6 18. Nf3 Rfe8 19. Qd2 b4 20. Nd5 exd5 21.
exd5 Ne4 22. dxc6 Nxd2 23. Rxe7 Nxf3+ 24. gxf3 Rxe7 25. cxb7 Rb8 26. axb4 Rxb7
27. c3 Re2 28. Bc4 Rxb2 29. Bxa6 Rc7 30. Bb5 Rxc3 31. Bxd7 Rxb4 32. Kg2 Rb6 33.
Bf5 g6 34. Be4 Rc7 35. Rd2 Kg7 36. Rd5 Rf6 37. Ra5 Rd6 38. Ra2 Rb6 39. Rd2 Rb5
40. Rd1 Rb2 41. Rf1 Rc5 42. Ba8 Rg5+ 43. Kh1 Ra5 44. Bc6 Rg5 45. Ba8 Rb4 46.
Bc6 Rh5 47. Kg2 Rbh4 48. Rh1 Rg5+ 49. Kf1 Rc4 50. Be4 Rc1+ 0-1

[Event "4NCL Online Division 6"]
[Site "online"]
[Date "2020.11.17"]
[Round "7.56"]
[White "Tatam, Anthony"]
[Black "Clarke, Anthony J"]
[Result "1-0"]
[WhiteElo "1450"]
[BlackElo "1442"]
[PlyCount "71"]
[EventDate "2020.11.17"]
[WhiteTeam "Plymouth 2"]
[BlackTeam "Enfield 2"]

1. d4 d5 2. e3 Nf6 3. Bd3 e6 4. f4 c5 5. c3 cxd4 6. exd4 g6 7. Nf3 Nc6 8. O-O
Bg7 9. Nbd2 O-O 10. Ne5 Nxe5 11. fxe5 Ne8 12. Nf3 f5 13. exf6 Nxf6 14. Bg5 Qc7
15. Ne5 Bd7 16. Qe1 Ne4 17. Rxf8+ Rxf8 18. Nxd7 Qxd7 19. Bxe4 dxe4 20. Qxe4 Qf7
21. Qe2 a6 22. Re1 b5 23. Qxe6 Kh8 24. Qxf7 Rxf7 25. Re8+ Rf8 26. Rxf8+ Bxf8
27. Kf2 h5 28. Kf3 Kg7 29. Ke4 Kf7 30. Kd5 Be7 31. Bxe7 Kxe7 32. Kc5 Kd7 33. h4
Ke6 34. Kb6 Kf5 35. Kxa6 Kg4 36. d5 1-0

[Event "4NCL Online Division 6"]
[Site "online"]
[Date "2020.11.17"]
[Round "7.57"]
[White "McHugh, Ralph"]
[Black "Peach, Clifford B"]
[Result "0-1"]
[WhiteElo "1300"]
[BlackElo "1525"]
[PlyCount "124"]
[EventDate "2020.11.17"]
[WhiteTeam "Enfield 2"]
[BlackTeam "Plymouth 2"]

1. c4 Nf6 2. g3 d5 3. Bg2 e6 4. cxd5 Nxd5 5. e4 Nf6 6. Nc3 c6 7. e5 Nd5 8. Nge2
Nxc3 9. Nxc3 Nd7 10. d4 Nb6 11. O-O Nd5 12. Ne4 Be7 13. a3 O-O 14. Bd2 f5 15.
exf6 Nxf6 16. Nxf6+ Bxf6 17. Bc3 Rb8 18. Be4 g6 19. Qd3 Qe8 20. h4 Qf7 21. Kg2
Kh8 22. Rae1 Bd7 23. Rh1 Rg8 24. Bf3 h5 25. Re4 Qg7 26. Rhe1 Rbe8 27. Bd2 a6
28. b4 b5 29. Bf4 Re7 30. Bd6 Ree8 31. Be5 Bxe5 32. dxe5 Qe7 33. Qe3 Qg7 34.
Bd1 Ref8 35. Rf4 Rxf4 36. Qxf4 Qf8 37. Re4 Qxf4 38. Rxf4 Kg7 39. Rd4 Rd8 40. f4
Kf7 41. Bf3 Ke7 42. Kh3 Be8 43. Rxd8 Kxd8 44. g4 Ke7 45. gxh5 gxh5 46. Bxh5
Bxh5 47. Kg3 Kd7 48. f5 exf5 49. Kf4 Ke6 50. Kg5 Bg4 51. h5 Bxh5 52. Kxh5 f4
53. Kg4 Kxe5 54. Kf3 Kf5 55. Kf2 Ke4 56. Ke2 f3+ 57. Kf2 Kf4 58. Kf1 Kg3 59.
Kg1 f2+ 60. Kf1 Kf3 61. a4 bxa4 62. b5 a3 0-1

[Event "4NCL Online Division 6"]
[Site "online"]
[Date "2020.11.17"]
[Round "7.58"]
[White "Wright, Andrew D"]
[Black "March, Steven J"]
[Result "1-0"]
[WhiteElo "1517"]
[BlackElo "1285"]
[PlyCount "23"]
[EventDate "2020.11.17"]
[WhiteTeam "Plymouth 2"]
[BlackTeam "Enfield 2"]

1. d4 d5 2. c4 Nf6 3. Nc3 Bd7 4. Nf3 Be6 5. Bf4 Nh5 6. Bg3 Nxg3 7. hxg3 c6 8.
e3 Bg4 9. cxd5 cxd5 10. Qb3 Qd7 11. Nxd5 h6 12. Ne5 1-0

[Event "4NCL Online Division 6"]
[Site "online"]
[Date "2020.11.17"]
[Round "7.65"]
[White "Chapman, Chas"]
[Black "Burling, Andrew"]
[Result "1-0"]
[WhiteElo "1592"]
[BlackElo "1307"]
[PlyCount "93"]
[EventDate "2020.11.17"]
[WhiteTeam "War & Piece 2"]
[BlackTeam "Horsham 3"]

1. e4 c5 2. Nf3 d6 3. d4 cxd4 4. Nxd4 Nc6 5. Nc3 g6 6. Be3 Bg7 7. f3 Nf6 8. Bc4
O-O 9. Qd2 Re8 10. O-O-O Nd7 11. h4 Nde5 12. Bb3 Na5 13. h5 Nxb3+ 14. cxb3 Bd7
15. hxg6 fxg6 16. Bh6 Bf6 17. Nd5 Rc8+ 18. Kb1 Rc5 19. Nxf6+ exf6 20. Rc1 Qa5
21. Qxa5 Rxa5 22. Be3 Nd3 23. Rc7 Rd8 24. Rxb7 h5 25. Rd1 Nc5 26. Rc7 Ra6 27.
Ne2 g5 28. Bxc5 Bb5 29. Rxa7 Rxa7 30. Bxa7 Bxe2 31. Rd2 Bf1 32. a4 Ra8 33. Bd4
Rb8 34. Ka2 Kf7 35. Ka3 Ke6 36. a5 f5 37. b4 fxe4 38. fxe4 h4 39. Ka4 g4 40.
Rf2 Bb5+ 41. Ka3 d5 42. Rf6+ Ke7 43. exd5 Rd8 44. Rg6 g3 45. Bf6+ Kf7 46. Bxd8
Kxg6 47. Bxh4 1-0

[Event "4NCL Online Division 6"]
[Site "online"]
[Date "2020.11.17"]
[Round "7.66"]
[White "Roberts, Harry"]
[Black "Thomas, Jacob"]
[Result "0-1"]
[WhiteElo "1240"]
[BlackElo "1457"]
[PlyCount "80"]
[EventDate "2020.11.17"]
[WhiteTeam "Horsham 3"]
[BlackTeam "War & Piece 2"]

1. e4 c5 2. Nf3 Nf6 3. Nc3 d6 4. d4 cxd4 5. Nxd4 a6 6. Be2 e5 7. Nb3 Be7 8. O-O
O-O 9. Be3 Be6 10. Qd3 Nc6 11. Nd5 b5 12. Bb6 Qd7 13. Rac1 Rab8 14. Be3 Bxd5
15. exd5 Nb4 16. Qd2 Nbxd5 17. h3 Nxe3 18. Qxe3 Nd5 19. Qf3 Nf4 20. c4 Nxe2+
21. Qxe2 bxc4 22. Qxc4 Qb5 23. Qc7 Rb7 24. Qc2 d5 25. Rb1 d4 26. Qe4 f5 27. Qe1
e4 28. Nxd4 Qe5 29. Nc6 Qd6 30. Nxe7+ Qxe7 31. f3 Qc5+ 32. Qf2 e3 33. Qe2 Rd8
34. Rfc1 Qb6 35. f4 Rd2 36. Qh5 g6 37. Qh6 Rc7 38. Rxc7 Qxc7 39. Qh4 e2 40. Qf2
Rd1+ 0-1

[Event "4NCL Online Division 6"]
[Site "online"]
[Date "2020.11.17"]
[Round "7.67"]
[White "O'Neill, Stephen G"]
[Black "Cowley, Charlie"]
[Result "1-0"]
[WhiteElo "1457"]
[BlackElo "1210"]
[PlyCount "68"]
[EventDate "2020.11.17"]
[WhiteTeam "War & Piece 2"]
[BlackTeam "Horsham 3"]

1. d4 Nf6 2. Nf3 g6 3. c4 Bg7 4. Nc3 d6 5. e4 b6 6. Bd3 Bb7 7. O-O e6 8. Bg5 h6
9. Be3 Ng4 10. Bd2 Nd7 11. Re1 Qe7 12. h3 h5 13. hxg4 hxg4 14. Ng5 O-O-O 15.
Qxg4 Bxd4 16. Nf3 Be5 17. Qg5 f6 18. Qg4 Rdg8 19. Nxe5 Nxe5 20. Qg3 Rh7 21. f4
Nc6 22. Kf2 Nd4 23. Rh1 Rgh8 24. Rxh7 Rxh7 25. Be3 e5 26. Bxd4 exd4 27. Nb5
Bxe4 28. Re1 f5 29. Nxa7+ Kb8 30. Nc6+ Bxc6 31. Rxe7 Rxe7 32. Qxg6 Re3 33. Bxf5
Kb7 34. Qf6 d3 1-0

[Event "4NCL Online Division 6"]
[Site "online"]
[Date "2020.11.17"]
[Round "7.75"]
[White "Zsibrita, Steve"]
[Black "Kumar, Shaurya"]
[Result "1-0"]
[WhiteElo "1465"]
[BlackElo "1225"]
[PlyCount "35"]
[EventDate "2020.11.17"]
[WhiteTeam "Hertford 3"]
[BlackTeam "Uxbridge Bombers D"]

1. d4 d5 2. e3 c5 3. c3 e6 4. Bd3 g6 5. Nf3 c4 6. Bc2 Bg7 7. O-O Nf6 8. Ne5 Bd7
9. Nd2 Nc6 10. f4 b6 11. Rf3 O-O 12. Rh3 Re8 13. Ndf3 Nh5 14. g4 Nf6 15. Ng5 h6
16. Ngxf7 Qe7 17. Nxh6+ Kf8 18. Nxg6# 1-0

[Event "4NCL Online Division 6"]
[Site "online"]
[Date "2020.11.17"]
[Round "7.76"]
[White "Palampathi, Sanjit"]
[Black "Lynch, Mark"]
[Result "0-1"]
[WhiteElo "1217"]
[BlackElo "1480"]
[PlyCount "38"]
[EventDate "2020.11.17"]
[WhiteTeam "Uxbridge Bombers D"]
[BlackTeam "Hertford 3"]

1. e4 c6 2. Nf3 d5 3. d3 dxe4 4. Nd4 Qxd4 5. Be3 Qxb2 6. Nd2 Qb4 7. Rb1 Qa5 8.
dxe4 Nf6 9. Bd3 e5 10. O-O Be7 11. Nc4 Qc7 12. f4 exf4 13. Bxf4 Qd8 14. e5 Nd5
15. Nd6+ Bxd6 16. exd6 Nxf4 17. Qe1+ Ne6 18. Qf2 O-O 19. Qf5 Ng5 0-1

[Event "4NCL Online Division 6"]
[Site "online"]
[Date "2020.11.17"]
[Round "7.77"]
[White "Brewis, Alan"]
[Black "Mangalagiri, Pranav"]
[Result "1-0"]
[WhiteElo "1360"]
[BlackElo "1165"]
[PlyCount "93"]
[EventDate "2020.11.17"]
[WhiteTeam "Hertford 3"]
[BlackTeam "Uxbridge Bombers D"]

1. d4 e6 2. Bf4 d5 3. e3 c5 4. c3 c4 5. Nd2 Bd7 6. Ngf3 Nf6 7. Be2 Nc6 8. b3
cxb3 9. Nxb3 Ne7 10. Nc5 Ng6 11. Nxb7 Qc8 12. Qb3 Rb8 13. Bxb8 Qxb8 14. Rb1 Bd6
15. Nxd6+ Qxd6 16. O-O O-O 17. Qb7 Bc6 18. Qxa7 Ne4 19. Rb3 Ra8 20. Qb6 Rxa2
21. Re1 h6 22. Ne5 Nxe5 23. dxe5 Qd7 24. f3 Nd2 25. Rb2 Rxb2 26. Qxb2 Nc4 27.
Qb8+ Kh7 28. Bxc4 dxc4 29. Qb1+ Kg8 30. Rd1 Qc8 31. Rd6 Bd5 32. e4 Ba8 33. Qb6
Bb7 34. Rd8+ Qxd8 35. Qxd8+ Kh7 36. Qd7 Ba6 37. Qxf7 Kh8 38. Qxe6 Bb5 39. Qf7
Kh7 40. e6 Kh8 41. e7 h5 42. e8=Q+ Bxe8 43. Qxe8+ Kh7 44. Qf7 Kh6 45. e5 Kg5
46. Qxg7+ Kf5 47. Qf6# 1-0

[Event "4NCL Online Division 6"]
[Site "online"]
[Date "2020.11.17"]
[Round "7.78"]
[White "Kapoor, Devansh"]
[Black "Berkhout, Theo"]
[Result "1-0"]
[WhiteElo "1075"]
[BlackElo "1082"]
[PlyCount "63"]
[EventDate "2020.11.17"]
[WhiteTeam "Uxbridge Bombers D"]
[BlackTeam "Hertford 3"]

1. d4 e6 2. Bf4 Nc6 3. c3 Nf6 4. e3 g6 5. Bd3 Bg7 6. Nf3 O-O 7. Nbd2 b6 8. Qc2
Bb7 9. h3 d5 10. O-O-O a5 11. g4 a4 12. a3 Na5 13. Ne5 c5 14. e4 dxe4 15. Nxe4
Nb3+ 16. Kb1 Nxe4 17. Bxe4 Bxe4 18. Qxe4 cxd4 19. cxd4 Qh4 20. Bg3 Qf6 21. Nd7
Qd8 22. Nxf8 Qxf8 23. Be5 f5 24. Bxg7 Qxg7 25. Qxa8+ Kf7 26. Qxa4 Na5 27. Rhg1
e5 28. d5 e4 29. d6 Qf8 30. g5 Nb7 31. Qd7+ Kg8 32. Qxb7 1-0

[Event "4NCL Online Division 6"]
[Site "online"]
[Date "2020.11.17"]
[Round "7.85"]
[White "Evans, Alf"]
[Black "Cepoi, Gesneria-Codruta"]
[Result "0-1"]
[WhiteElo "1367"]
[BlackElo "1375"]
[PlyCount "96"]
[EventDate "2020.11.17"]
[WhiteTeam "Malpas & Croesoswallt"]
[BlackTeam "Uxbridge Bombers C"]

1. e4 e5 2. Nf3 Nc6 3. Bc4 d6 4. h3 h6 5. a3 Nf6 6. d3 Be7 7. Nc3 O-O 8. O-O
Na5 9. Ba2 Bd7 10. Be3 Nc6 11. Re1 Re8 12. b4 Bf8 13. Nd5 Be6 14. Nxf6+ Qxf6
15. c4 Qd8 16. d4 exd4 17. Nxd4 Nxd4 18. Bxd4 c5 19. Be3 Rc8 20. b5 a6 21. a4
axb5 22. axb5 Bd7 23. Qf3 Re6 24. Bb1 Rf6 25. Qe2 Ra8 26. Bc2 Rxa1 27. Rxa1 Rg6
28. Kf1 Re6 29. Qd3 Qf6 30. e5 Qg6 31. Qd1 f5 32. exd6 Rxd6 33. Qf3 Rb6 34. Ra7
Qf6 35. Rxb7 Rxb7 36. Qxb7 Qa1+ 37. Ke2 Be6 38. Bd3 Qb2+ 39. Kf3 Qb3 40. Qb8
Kf7 41. Qc7+ Be7 42. Be2 Kf6 43. Qf4 g5 44. Qh2 Bxc4 45. Bxc4 Qxc4 46. b6 Qb3
47. Qc7 Qd1+ 48. Kg3 Bd6+ 0-1

[Event "4NCL Online Division 6"]
[Site "online"]
[Date "2020.11.17"]
[Round "7.86"]
[White "Knight, Samuel"]
[Black "Varjian, Gary"]
[Result "0-1"]
[WhiteElo "1360"]
[BlackElo "1423"]
[PlyCount "52"]
[EventDate "2020.11.17"]
[WhiteTeam "Uxbridge Bombers C"]
[BlackTeam "Malpas & Croesoswallt"]

1. d4 d6 2. Bf4 Nf6 3. e3 Nbd7 4. Nf3 c6 5. c3 Qc7 6. Nbd2 h6 7. c4 Nh5 8. Bg3
g5 9. Be2 Bg7 10. c5 Ndf6 11. cxd6 exd6 12. Bd3 Nd5 13. a3 Be6 14. Nc4 Nxg3 15.
hxg3 Bg4 16. Qc2 Rc8 17. Bf5 Bxf5 18. Qxf5 Ne7 19. Qd3 Kd7 20. Rc1 Qd8 21. Nfd2
b5 22. Ne5+ dxe5 23. dxe5+ Ke8 24. Qxd8+ Rxd8 25. f4 Nf5 26. Kf2 Rxd2+ 0-1

[Event "4NCL Online Division 6"]
[Site "online"]
[Date "2020.11.17"]
[Round "7.87"]
[White "Ksiazek, Slawomir"]
[Black "Tarigopula, Pawan Kumar"]
[Result "0-1"]
[WhiteElo "1281"]
[BlackElo "1225"]
[PlyCount "100"]
[EventDate "2020.11.17"]
[WhiteTeam "Malpas & Croesoswallt"]
[BlackTeam "Uxbridge Bombers C"]

1. e4 c5 2. Nf3 g6 3. c4 Bg7 4. d4 cxd4 5. Nxd4 Nc6 6. Be3 d6 7. Nc3 Nf6 8. Be2
O-O 9. O-O Be6 10. Nxe6 fxe6 11. f3 a6 12. c5 d5 13. exd5 Nxd5 14. Bc4 Nxe3 15.
Bxe6+ Kh8 16. Qxd8 Raxd8 17. Rfc1 Nd4 18. Bh3 Ndc2 19. Rab1 Bxc3 20. bxc3 Rd5
21. Rxb7 Rxc5 22. Rxe7 Rxc3 23. Kf2 Ra3 24. g4 Rxa2 25. Rxe3 Nxe3+ 26. Kxe3
Re8+ 27. Kf4 Ra4+ 28. Kg3 Rd4 29. g5 a5 30. Rc3 Red8 31. Bg4 a4 32. h4 Rd3 33.
Rc4 a3 34. Ra4 Kg7 35. h5 R8d5 36. h6+ Kf8 37. Ra8+ Rd8 38. Ra7 Ke8 39. Rxh7
Kf8 40. Ra7 Kg8 41. Rg7+ Kh8 42. Rxg6 Ra8 43. Bf5 a2 44. Bxd3 a1=Q 45. h7 Qe5+
46. Kg4 Ra4+ 47. Be4 Kxh7 48. Re6+ Rxe4+ 49. fxe4 Qxe6+ 50. Kf4 Kg6 0-1

[Event "4NCL Online Division 6"]
[Site "online"]
[Date "2020.11.17"]
[Round "7.88"]
[White "Tarigopula, Varish"]
[Black "Ritchie, Stephen"]
[Result "0-1"]
[WhiteElo "1225"]
[BlackElo "1164"]
[PlyCount "84"]
[EventDate "2020.11.17"]
[WhiteTeam "Uxbridge Bombers C"]
[BlackTeam "Malpas & Croesoswallt"]

1. e4 c5 2. Nc3 a6 3. f4 e6 4. Nf3 d6 5. g3 Be7 6. Bg2 Nf6 7. O-O O-O 8. d3 Nc6
9. Bd2 Bd7 10. Qe2 Qc8 11. Na4 Qc7 12. Rae1 Nd4 13. Nxd4 cxd4 14. b3 Bxa4 15.
bxa4 Rac8 16. Rc1 Qd7 17. e5 Ne8 18. a5 d5 19. c4 Nc7 20. cxd5 Nxd5 21. Rxc8
Rxc8 22. Rc1 Rxc1+ 23. Bxc1 Nc3 24. Qc2 Qc7 25. Bb2 Bb4 26. Bxc3 dxc3 27. Qa4
Qxa5 28. Qc2 Qc5+ 29. Kf1 b5 30. Bb7 Qb6 31. Bf3 Qe3 32. Qe2 Qxe2+ 33. Bxe2 c2
34. Kf2 c1=Q 35. d4 Qd2 36. h4 Qxa2 37. Kf3 Qb3+ 38. Kf2 Bc3 39. Bf3 Bxd4+ 40.
Kg2 Qc2+ 41. Kh1 Qf2 42. Bg2 Qg1# 0-1